Avengers Endgame Quiz - Statistics

General Stats
  • This quiz has been taken 787 times
  • The average score is 17 of 24
Answer Stats
Hint Answer % Correct
Who saved them? Captain Marvel
91%
Which superhero sacrifices herself to receive the Soul Stone? Black Widow
90%
Who was finally worthy enough to lift Thor's hammer Captain America
90%
How much does Tony Starks daughter love him? 3000
89%
Finish Captain America's quote: "Avengers,... assemble
88%
Who kills Thanos for the second time? Ironman
87%
This wizard makes portals for Avengers' allies to help defeat Thanos Doctor Strange
86%
Finish Thor's quote: "I went for the... head
82%
What is the runtime of this movie? (in hours only) 3 hours
80%
What food does Hulk give Antman a new one of? Taco
79%
Which character plays the role as the keeper of the Soul Stone? Red Skull
77%
Which two characters are saved from outer space in the beginning of the movie Ironman Nebula
76%
Who does Captain America fight in the New York Time Heist? Himself
75%
What is the name of that hammer? Mjolnir
73%
Whose alter ego is? Natasha Romanoff
73%
Whose alter ego is? Carol Danvers
70%
What game is being played at Thor's home in the new Asgard? Fortnite
70%
Who is the game being played by? Korg
68%
What is her name? Morgan Stark
68%
On what planet is the Soul Stone located? Vormir
58%
What dimension does the Avengers use to travel in time? Quantum Realm
55%
What is Ironman's last quote of the film? I love you 3000
43%
On what planet is the Power Stone located? Morag
39%
Finish Ant-man's quote: "As far as im concerned, that's... americas ass
33%
No matching quizzes found
Score Distribution
Percent of People with Each Score
Percentile by Number Answered
Your Score History
You have not taken this quiz